Countries with Volcanoes in the Ring of Fire - Statistics

General Stats
  • This quiz has been taken 49 times
  • The average score is 26 of 32
Answer Stats
Volcanoes Country % Correct
81 Japan
98%
54 Indonesia
93%
102 United States
93%
18 Argentina / Chile
89%
6 Bolivia / Chile
89%
6 Canada
89%
1 Chile / Peru
89%
1 Colombia / Ecuador
89%
1 Guatemala / Mexico
89%
26 Mexico
89%
13 Colombia
87%
21 Ecuador
87%
1 New Zealand / Tonga
87%
71 Chile
84%
10 Costa Rica
84%
2 El Salvador / Guatemala
84%
26 New Zealand
84%
17 Nicaragua
84%
2 Panama
84%
111 Russia
84%
41 Philippines
82%
16 Peru
80%
18 El Salvador
78%
21 Guatemala
78%
4 Honduras
78%
47 Papua New Guinea
76%
17 Tonga
73%
2 France / Vanuatu
71%
4 Taiwan
71%
8 Solomon Islands
64%
14 Vanuatu
64%
3 Fiji
62%
No matching quizzes found
Score Distribution
Percent of People with Each Score
Percentile by Number Answered
Your Score History
You have not taken this quiz